A position of power (Record no. 76717)

MARC details
000 -LEADER
fixed length control field 00713cab a2200181 4500
001 - CONTROL NUMBER
control field ##L132959
008 - FIXED-LENGTH DATA ELEMENTS--GENERAL INFORMATION
fixed length control field 060327n2006 000 0 eng u
035 ## - SYSTEM CONTROL NUMBER
System control number (Sirsi) u132959
041 0# - LANGUAGE CODE
Language code of text/sound track or separate title eng
100 1# - MAIN ENTRY--PERSONAL NAME
Personal name Raynsford, Nick
245 02 - TITLE STATEMENT
Title A position of power
260 ## - PUBLICATION, DISTRIBUTION, ETC.
Date of publication, distribution, etc. 2006
490 #0 - SERIES STATEMENT
Series statement Building
Volume/sequential designation 271(8423) 24 March 2006, 34(1)
520 ## - SUMMARY, ETC.
Summary, etc. Argues that the construction industry has an important role to play in the debate over energy requirements. It has practical experience of the technologies likely to be involved and a detailed understanding of the impact of different approaches on demand and supply.
590 ## - LOCAL NOTE (RLIN)
Local note IKA280306
690 ## - LOCAL SUBJECT ADDED ENTRY--TOPICAL TERM (OCLC, RLIN)
Topical term or geographic name as entry element ENVIRONMENTAL AND LAND CONSULTANCY-ENERGY
942 ## - ADDED ENTRY ELEMENTS (KOHA)
Suppress in OPAC 0
Holdings
Withdrawn status Lost status Source of classification or shelving scheme Damaged status Not for loan Home library Current library Shelving location Date acquired Total Checkouts Full call number Barcode Date last seen Copy number Price effective from Koha item type
    Dewey Decimal Classification     London London Journal article 27/03/2006   L132959 132959-1001 06/08/2019 1 06/08/2019 Journal article